| 000 | 00703nam a2200217 i 4500 | ||
|---|---|---|---|
| 001 | 160937 | ||
| 003 | ES-MaACL | ||
| 005 | 20230906212147.0 | ||
| 008 | 041006s1870 gw |||| | eng d | ||
| 040 |
_aCAM _bspa _cCAM |
||
| 100 | 1 |
_aOliphant, Margaret. _9130611 |
|
| 245 | 1 | 4 |
_aThe Rector and the doctor's family / _cby Mrs. Oliphant. |
| 260 |
_aLeipzig : _bBernhard Tauchnitz, _c1870. |
||
| 300 |
_a304 p. ; _c16 cm. |
||
| 490 | 1 | _aChronicles of Carlingford | |
| 490 | 1 |
_aCollection of british authors ; _v1086 |
|
| 830 | 0 |
_aChronicles of Carlingford _9188317 |
|
| 830 | 0 |
_aCollection of british authors ; _v1086 _9180703 |
|
| 852 |
_aES-MaACL _jG-12673 _z-- Enc. hol. |
||
| 999 |
_c160937 _d160937 |
||